[Event "Politiken Cup 2011"]
[Site "Helsingor"]
[Date "2011.07.31"]
[Round "2.84"]
[White "Brastein, Lars"]
[Black "Haug, Johannes"]
[Result "1/2-1/2"]
[WhiteElo "2115"]
[BlackElo "1725"]
[PlyCount "54"]
[EventDate "2011.??.??"]
[WhiteTeam "Sandness"]
[BlackTeam "Nordstrand"]

1. d4 Nf6 2. Nf3 g6 3. c4 Bg7 4. Nc3 d5 5. cxd5 Nxd5 6. e4 Nxc3 7. bxc3 c5 8.
Rb1 O-O 9. Be2 Nc6 10. d5 Ne5 11. Nxe5 Bxe5 12. Qd2 e6 13. f4 Bc7 14. O-O exd5
15. exd5 Ba5 16. Bb2 Bf5 17. Rbd1 Qb6 18. Bf3 Rfe8 19. Rfe1 Rad8 20. g4 c4+ 21.
Kh1 Bd3 22. Re5 f6 23. Rxe8+ Rxe8 24. Re1 Rxe1+ 25. Qxe1 Qxb2 26. Qe8+ Kg7 27.
Qe7+ Kg8 1/2-1/2

[Event "Politiken Cup 2011"]
[Site "Helsingor"]
[Date "2011.07.31"]
[Round "2.88"]
[White "Pedersen, Carl Aage"]
[Black "Jensen, Soren Holm"]
[Result "1/2-1/2"]
[WhiteElo "1752"]
[BlackElo "1984"]
[PlyCount "41"]
[EventDate "2011.??.??"]
[WhiteTeam "Gladsaxe"]
[BlackTeam "Brønshøj"]

1. d4 d5 2. c4 e6 3. Nf3 Nf6 4. Nc3 Be7 5. Bg5 O-O 6. e3 h6 7. Bh4 b6 8. Bd3
dxc4 9. Bxc4 Bb7 10. O-O Nbd7 11. Qe2 c5 12. Rfd1 Ne4 13. Bxe7 Qxe7 14. Nxe4
Bxe4 15. Bd3 Bxd3 16. Qxd3 Rac8 17. Rac1 Rfd8 18. Qa3 Nf6 19. h3 Rc7 20. dxc5
Rxd1+ 21. Rxd1 1/2-1/2

[Event "Politiken Cup 2011"]
[Site "Helsingor"]
[Date "2011.07.31"]
[Round "2.89"]
[White "Ambrosanio, Raffaele"]
[Black "Merkesvik, Sondre"]
[Result "1-0"]
[WhiteElo "1967"]
[BlackElo "1762"]
[PlyCount "89"]
[EventDate "2011.??.??"]
[WhiteTeam "A.S Mebs Sana Siena"]
[BlackTeam "Bergens"]

1. c4 Nf6 2. Nc3 g6 3. g3 Bg7 4. Bg2 d6 5. Nf3 c5 6. d4 cxd4 7. Nxd4 O-O 8. O-O
a6 9. Rb1 Qc7 10. b3 Nc6 11. Nc2 Rb8 12. Bg5 h6 13. Bxf6 Bxf6 14. Nd5 Qd7 15.
Nxf6+ exf6 16. Qd2 Kg7 17. Rbd1 Rd8 18. Ne3 Ne7 19. h3 b6 20. Qb2 Bb7 21. Rd2
Bxg2 22. Kxg2 Qb7+ 23. Kh2 d5 24. Rfd1 Rd6 25. Nxd5 Nxd5 26. Rxd5 Rxd5 27. Rxd5
Re8 28. e3 b5 29. Rd6 Re6 30. Rxe6 fxe6 31. cxb5 Qxb5 32. Qd4 g5 33. Qc4 Kf7
34. Qxb5 axb5 35. Kg2 Ke7 36. Kf3 h5 37. Ke4 Kd6 38. Kd4 e5+ 39. Ke4 Ke6 40. a4
g4 41. hxg4 hxg4 42. axb5 f5+ 43. Kd3 Kd5 44. b6 Kc6 45. Kc4 1-0

[Event "Politiken Cup 2011"]
[Site "Helsingor"]
[Date "2011.07.31"]
[Round "2.90"]
[White "Aartun, Eivind"]
[Black "Brobakken, Geir"]
[Result "0-1"]
[WhiteElo "1747"]
[BlackElo "1966"]
[PlyCount "86"]
[EventDate "2011.??.??"]
[WhiteTeam "Stavanger"]
[BlackTeam "Hamar"]

1. e4 c6 2. d4 d5 3. e5 Bf5 4. Bd3 Bxd3 5. Qxd3 e6 6. Nf3 Qb6 7. O-O Qa6 8.
Qxa6 Nxa6 9. a3 c5 10. dxc5 Nxc5 11. Nc3 a6 12. b4 Nd7 13. Bd2 Ne7 14. b5 Ng6
15. bxa6 bxa6 16. Rfe1 Nb6 17. h4 h5 18. a4 Nc4 19. g3 Bc5 20. Re2 Ke7 21. Bg5+
Kd7 22. Rb1 Rab8 23. Rb3 Rxb3 24. cxb3 Ncxe5 25. Nxe5+ Nxe5 26. Rxe5 Bd4 27.
Re2 Bxc3 28. Kf1 Rb8 29. Re3 d4 30. Rf3 f6 31. Bxf6 gxf6 32. Rxf6 d3 33. Rf3 d2
34. Ke2 Bb4 35. Rd3+ Ke7 36. g4 hxg4 37. Rd4 a5 38. Rxg4 Rf8 39. Rg2 Rf5 40.
Rh2 Re5+ 41. Kd3 d1=Q+ 42. Kc4 Qe2+ 43. Kd4 Rd5# 0-1

[Event "Politiken Cup 2011"]
[Site "Helsingor"]
[Date "2011.07.31"]
[Round "2.91"]
[White "Stolberg-Rohr, Thomine"]
[Black "Satre, Mathias"]
[Result "1-0"]
[WhiteElo "1964"]
[BlackElo "1756"]
[PlyCount "57"]
[EventDate "2011.??.??"]
[WhiteTeam "Evans"]
[BlackTeam "Bergen"]

1. e4 e6 2. f4 d5 3. e5 c5 4. Nf3 Nc6 5. c3 Qa5 6. Na3 h5 7. Nc2 Nge7 8. Bd3
Bd7 9. Ne3 O-O-O 10. Ng5 Be8 11. Qe2 g6 12. Bc2 Bh6 13. h4 Nf5 14. Bxf5 exf5
15. O-O Bxg5 16. hxg5 c4 17. d3 cxd3 18. Qxd3 d4 19. Nc4 dxc3 20. Nd6+ Kb8 21.
bxc3 Rf8 22. Rb1 Rd7 23. Rf2 Rc7 24. Rb5 Qa6 25. Rxb7+ Qxb7 26. Nxb7 Kxb7 27.
Ba3 Rh8 28. Bd6 Rd7 29. Qb5+ 1-0

[Event "Politiken Cup 2011"]
[Site "Helsingor"]
[Date "2011.07.31"]
[Round "2.92"]
[White "Wahlgren, Christer"]
[Black "Andersen, Daniel"]
[Result "0-1"]
[WhiteElo "1745"]
[BlackElo "1963"]
[PlyCount "51"]
[EventDate "2011.??.??"]
[WhiteTeam "Eslov"]
[BlackTeam "Frederiksund"]

1. f4 e5 2. fxe5 d6 3. exd6 Bxd6 4. Nf3 g5 5. g3 g4 6. Nh4 Ne7 7. e4 Nbc6 8. d4
Nxd4 9. c3 Ndc6 10. Bh6 Be6 11. Be2 Qd7 12. O-O O-O-O 13. Nd2 Ne5 14. Nb3 Qc6
15. Qc2 Qb6+ 16. Kg2 N5g6 17. Nxg6 hxg6 18. Bg7 Nf5 19. Rxf5 gxf5 20. Bxh8 Rxh8
21. Nd4 f4 22. gxf4 Bxf4 23. Rh1 Bd7 24. Nf5 Bxf5 25. exf5 Qc6+ 26. Kg1 0-1

[Event "Politiken Cup 2011"]
[Site "Helsingor"]
[Date "2011.07.31"]
[Round "2.93"]
[White "Johansen, Stian"]
[Black "Madison, Sigurd"]
[Result "1-0"]
[WhiteElo "1961"]
[BlackElo "1749"]
[PlyCount "45"]
[EventDate "2011.??.??"]
[WhiteTeam "Moss"]
[BlackTeam "LASK"]

1. d4 d5 2. c4 e6 3. Nc3 Nf6 4. Bg5 Be7 5. cxd5 exd5 6. e3 c6 7. Qc2 Nbd7 8.
Bd3 O-O 9. Nge2 Re8 10. f3 Nf8 11. O-O-O b5 12. Rdg1 a5 13. h4 N6d7 14. g4 a4
15. Ng3 Nb6 16. Nf5 Bxf5 17. gxf5 Bxg5 18. hxg5 Qd6 19. f6 Ng6 20. Bxg6 fxg6
21. Rxh7 Kxh7 22. f7 Rxe3 23. Rh1+ 1-0

[Event "Politiken Cup 2011"]
[Site "Helsingor"]
[Date "2011.07.31"]
[Round "2.94"]
[White "Asmund, Erik"]
[Black "Knudsen, Jes West"]
[Result "1/2-1/2"]
[WhiteElo "1739"]
[BlackElo "1960"]
[PlyCount "37"]
[EventDate "2011.??.??"]
[WhiteTeam "Gråsten"]
[BlackTeam "Allerød"]

1. e4 d5 2. exd5 Nf6 3. Nc3 Nxd5 4. Ne4 Bf5 5. Ng3 Bg6 6. Nf3 Nc6 7. d3 Qd6 8.
Be2 O-O-O 9. O-O Nf4 10. Be3 h5 11. h4 Nxe2+ 12. Qxe2 f5 13. Bf4 Qf6 14. Bg5
Qf7 15. Qe3 Bh7 16. Ne2 Re8 17. d4 e6 18. c3 Be7 19. Nf4 1/2-1/2

[Event "Politiken Cup 2011"]
[Site "Helsingor"]
[Date "2011.07.31"]
[Round "2.95"]
[White "Hjornevik, Knut J"]
[Black "Kyrkjebo, Eirik"]
[Result "1-0"]
[WhiteElo "1959"]
[BlackElo "1747"]
[PlyCount "63"]
[EventDate "2011.??.??"]
[WhiteTeam "Sandness"]
[BlackTeam "Stavanger"]

1. d4 d5 2. e4 dxe4 3. Nc3 e5 4. Nge2 exd4 5. Qxd4 Qxd4 6. Nxd4 Nf6 7. Bg5 Bb4
8. Ndb5 Bxc3+ 9. Nxc3 Bf5 10. Bxf6 gxf6 11. Nd5 Kd8 12. O-O-O Nd7 13. Nxf6 Ke7
14. Nd5+ Kd8 15. h3 c6 16. Nf4 Kc7 17. g4 Bg6 18. h4 h5 19. g5 Ne5 20. Bh3 Rad8
21. Rxd8 Rxd8 22. Rd1 Rxd1+ 23. Kxd1 Nf3 24. Nxg6 fxg6 25. Bf5 Nxh4 26. Bxe4
Kd6 27. f4 b6 28. Ke2 c5 29. Kd3 Ke6 30. Bb7 Kf5 31. Ke3 Ng2+ 32. Bxg2 1-0

[Event "Politiken Cup 2011"]
[Site "Helsingor"]
[Date "2011.07.31"]
[Round "2.96"]
[White "Jorgensen, Morten"]
[Black "Schmitt, Carsten"]
[Result "0-1"]
[WhiteElo "1727"]
[BlackElo "1959"]
[PlyCount "118"]
[EventDate "2011.??.??"]
[WhiteTeam "Tårnby"]
[BlackTeam "SV Bergwinkel"]

1. d4 d5 2. Nf3 e6 3. c4 c6 4. Nc3 dxc4 5. a4 Bb4 6. e4 b5 7. axb5 cxb5 8. Be2
Bb7 9. Qc2 Nf6 10. Bg5 Bxe4 11. Qd2 h6 12. Bxf6 Qxf6 13. O-O Bxc3 14. bxc3 O-O
15. Qe3 Bd5 16. Rfb1 a6 17. Ne5 Rd8 18. Rb2 Qg5 19. Qxg5 hxg5 20. Rba2 Rd6 21.
h3 Ra7 22. Rb2 f6 23. Ng6 Kh7 24. Nf8+ Kg8 25. Ng6 Be4 26. Bh5 Kh7 27. Nf8+ Kh6
28. Be2 Rf7 29. Nxe6 Rxe6 30. Bxc4 bxc4 31. Rxb8 Rfe7 32. Rb4 Bd3 33. Rba4 Re1+
34. Rxe1 Rxe1+ 35. Kh2 Rc1 36. Ra3 Kg6 37. Kg3 Kf5 38. Kf3 Rc2 39. Ra5+ Kg6 40.
Ra3 Kf7 41. d5 Ke7 42. Ke3 Bf1 43. Kd4 Rd2+ 44. Kc5 Bxg2 45. Rxa6 Rxd5+ 46.
Kxc4 Bf1+ 47. Kxd5 Bxa6 48. c4 Bb7+ 49. Kd4 Kd6 50. c5+ Kc6 51. Ke4 g6 52. Kf3
Kxc5+ 53. Kg3 Kd4 54. f4 gxf4+ 55. Kxf4 Bc8 56. h4 Bd7 57. Kg3 Ke3 58. h5 gxh5
59. Kh4 f5 0-1

[Event "Politiken Cup 2011"]
[Site "Helsingor"]
[Date "2011.07.31"]
[Round "2.97"]
[White "Jacobsen, Fredrik Beer"]
[Black "Salomonson, Sixten"]
[Result "1-0"]
[WhiteElo "1956"]
[BlackElo "1742"]
[PlyCount "63"]
[EventDate "2011.??.??"]
[WhiteTeam "Stavanger"]
[BlackTeam "HG Schack Helsingborg"]

1. d4 d5 2. c4 c6 3. Nf3 Nf6 4. Nc3 dxc4 5. a4 Bf5 6. e3 e6 7. Bxc4 Bb4 8. O-O
O-O 9. Qe2 Nbd7 10. e4 Bg6 11. Bg5 Be7 12. Bd3 Bh5 13. Bc2 e5 14. d5 Nxd5 15.
exd5 Bxg5 16. dxc6 bxc6 17. Rad1 Bxf3 18. Qxf3 g6 19. Qxc6 Qb6 20. Qxd7 Qxb2
21. Ne4 Rad8 22. Qg4 Be7 23. Qe2 Rc8 24. Bd3 Qb4 25. Bb5 Rc7 26. Rd5 f5 27. Nd2
Bf6 28. Nc4 e4 29. Ne5 Rfc8 30. Bd7 Rc2 31. Qa6 Kg7 32. Bxc8 1-0

[Event "Politiken Cup 2011"]
[Site "Helsingor"]
[Date "2011.07.31"]
[Round "2.98"]
[White "Johnsen, Oystein"]
[Black "Kyrkjebo, Erlend"]
[Result "0-1"]
[WhiteElo "1724"]
[BlackElo "1953"]
[PlyCount "56"]
[EventDate "2011.??.??"]
[WhiteTeam "Tonsberg"]
[BlackTeam "Stavanger"]

1. d4 Nf6 2. Nc3 d5 3. Bg5 Bf5 4. Nf3 Nc6 5. e3 a6 6. Bd3 Ne4 7. Bxe4 dxe4 8.
Nd2 Qd6 9. Ndxe4 Qg6 10. Qf3 Bxe4 11. Nxe4 f5 12. Nc5 e5 13. Bh4 Bxc5 14. dxc5
O-O 15. O-O-O Qh6 16. Qg3 f4 17. exf4 exf4 18. Qb3+ Kh8 19. Qh3 f3+ 20. Kb1
fxg2 21. Rhg1 Rf4 22. Qxg2 Rxh4 23. Rd7 Rxh2 24. Qd5 Rxf2 25. a3 Rg8 26. Qe4
Qf6 27. Rdxg7 Rxg7 28. Qe8+ Qf8 0-1

[Event "Politiken Cup 2011"]
[Site "Helsingor"]
[Date "2011.07.31"]
[Round "2.99"]
[White "Olofsson-Dolk, Mattis"]
[Black "Larsen, Hans Haagen"]
[Result "0-1"]
[WhiteElo "1951"]
[BlackElo "1732"]
[PlyCount "108"]
[EventDate "2011.??.??"]
[WhiteTeam "Växsjo"]
[BlackTeam "AS04"]

1. e4 e6 2. d4 d5 3. Nc3 Bb4 4. e5 c5 5. a3 Bxc3+ 6. bxc3 Ne7 7. Qg4 Kf8 8. Bd3
h5 9. Qd1 Nbc6 10. Ne2 c4 11. Nf4 cxd3 12. cxd3 h4 13. a4 Qa5 14. Qd2 Bd7 15.
Ba3 Kg8 16. O-O Nf5 17. Rfb1 Qc7 18. Qd1 Rc8 19. Qg4 Nce7 20. Qg5 Ng6 21. Nxg6
fxg6 22. c4 h3 23. cxd5 Nxd4 24. Bd6 Qd8 25. Qxd8+ Rxd8 26. Rxb7 exd5 27. Be7
Bc6 28. Rxa7 Rd7 29. Rxd7 Bxd7 30. a5 hxg2 31. Bc5 Ne2+ 32. Kxg2 Nf4+ 33. Kf3
g5 34. Ke3 Rh3+ 35. f3 Rxh2 36. a6 Re2+ 37. Kd4 Rd2 38. Ra3 Bc6 39. a7 Kf7 40.
Bb4 Rd1 41. a8=Q Bxa8 42. Rxa8 Rxd3+ 43. Kc5 Rxf3 44. Kd6 d4 45. Bd2 d3 46.
Bxf4 gxf4 47. e6+ Kg6 48. e7 Re3 49. Ra4 f3 50. Ra2 Kf7 51. Rf2 g5 52. Rd2 g4
53. Kd5 g3 54. Kd4 Rxe7 0-1

[Event "Politiken Cup 2011"]
[Site "Helsingor"]
[Date "2011.07.31"]
[Round "2.100"]
[White "Hansen, Anders"]
[Black "Hess, Peter"]
[Result "1/2-1/2"]
[WhiteElo "1721"]
[BlackElo "1948"]
[PlyCount "104"]
[EventDate "2011.??.??"]
[WhiteTeam "Harplinge"]

1. Nf3 Nf6 2. b3 d5 3. Bb2 Bf5 4. g3 Nbd7 5. Bg2 c6 6. O-O Qc7 7. d3 e5 8. e4
dxe4 9. dxe4 Bxe4 10. Nxe5 Bxg2 11. Kxg2 Nxe5 12. Bxe5 Qd7 13. Bxf6 Qxd1 14.
Rxd1 gxf6 15. Nc3 Bg7 16. Ne4 O-O 17. Rab1 Rfe8 18. Kf3 Re7 19. Rd3 h5 20. h4
Kh7 21. Rbd1 Kg6 22. Rd7 Rae8 23. Rxe7 Rxe7 24. Rd3 Rc7 25. Nc3 Bh6 26. Rd6 Re7
27. Ne4 Bg7 28. Nc5 Rc7 29. Nd3 Re7 30. a4 Bh6 31. c4 a5 32. Nc5 Bc1 33. Nd3
Bh6 34. Nf4+ Bxf4 35. Kxf4 Re5 36. f3 Re6 37. Rd7 b6 38. g4 hxg4 39. fxg4 Re1
40. h5+ Kg7 41. Rd3 Re5 42. Rd6 Rc5 43. h6+ Kxh6 44. Rxf6+ Kg7 45. Rf5 Rxf5+
46. Kxf5 Kf8 47. Kf6 Ke8 48. Kf5 Ke7 49. Ke5 Kd7 50. g5 Ke7 51. Kf5 Kf8 52. Kf6
Ke8 1/2-1/2

[Event "Politiken Cup 2011"]
[Site "Helsingor"]
[Date "2011.07.31"]
[Round "2.103"]
[White "Lyngsjo, Hakan"]
[Black "Wallin, Kenneth"]
[Result "1-0"]
[WhiteElo "1943"]
[BlackElo "1710"]
[PlyCount "48"]
[EventDate "2011.??.??"]
[BlackTeam "HASK Helsingborg"]

1. e4 c5 2. Nf3 d6 3. Bb5+ Bd7 4. Bxd7+ Qxd7 5. O-O g6 6. c3 Bg7 7. d4 Nf6 8.
e5 dxe5 9. Nxe5 Qc7 10. Qa4+ Nbd7 11. Re1 cxd4 12. Bf4 Nd5 13. Nxg6 Nxf4 14.
Rxe7+ Kd8 15. Nxf4 Qd6 16. Rxf7 Re8 17. Na3 Nc5 18. Nc4 Qxf4 19. Qxe8+ Kxe8 20.
Rxf4 dxc3 21. Re1+ Kd8 22. Rf7 Bh6 23. Nd6 Nd7 24. Ree7 c2 1-0

[Event "Politiken Cup 2011"]
[Site "Helsingor"]
[Date "2011.07.31"]
[Round "2.106"]
[White "Skovle, Lars"]
[Black "Krokay, Urszula"]
[Result "1/2-1/2"]
[WhiteElo "1656"]
[BlackElo "1940"]
[PlyCount "37"]
[EventDate "2011.??.??"]
[WhiteTeam "Helsinge"]
[BlackTeam "Oksir Wiznia Mala"]

1. e4 c5 2. Nf3 Nc6 3. Bb5 g6 4. O-O Bg7 5. Re1 Nf6 6. d3 O-O 7. c3 Qc7 8. Be3
d6 9. h3 a6 10. Bxc6 Qxc6 11. a4 b6 12. Na3 Bb7 13. Nc4 Qc7 14. Qb3 Nd7 15. Bf4
Qd8 16. Bg5 h6 17. Bh4 g5 18. Bg3 d5 19. Na5 1/2-1/2

[Event "Politiken Cup 2011"]
[Site "Helsingor"]
[Date "2011.07.31"]
[Round "2.107"]
[White "Christensen, Casper"]
[Black "Seirup, Simon"]
[Result "1-0"]
[WhiteElo "1937"]
[BlackElo "1694"]
[PlyCount "49"]
[EventDate "2011.??.??"]
[WhiteTeam "BMS"]
[BlackTeam "Jyderup"]

1. e4 c6 2. Nc3 d5 3. d4 dxe4 4. Nxe4 Bf5 5. Ng3 Bg6 6. Nf3 e6 7. Bf4 Nf6 8.
Ne5 Nd5 9. Nxg6 hxg6 10. Bd2 Bd6 11. c4 Bxg3 12. fxg3 Nf6 13. Bb4 Qc7 14. Qf3
Na6 15. Bc3 Rd8 16. O-O-O Qe7 17. g4 Rd7 18. h4 g5 19. g3 Ng8 20. h5 Qf6 21.
Qe3 Qd8 22. d5 Rh7 23. Bd3 g6 24. dxe6 Re7 25. Bxg6 1-0

[Event "Politiken Cup 2011"]
[Site "Helsingor"]
[Date "2011.07.31"]
[Round "2.108"]
[White "Andersen, Troels Baekgaard"]
[Black "Zachariassen, John"]
[Result "1/2-1/2"]
[WhiteElo "1620"]
[BlackElo "1936"]
[PlyCount "72"]
[EventDate "2011.??.??"]
[WhiteTeam "Skovbo"]
[BlackTeam "Enkeltmedlem"]

1. e4 d6 2. d4 Nf6 3. Bd3 Nbd7 4. f4 e5 5. dxe5 dxe5 6. Nf3 Bc5 7. h3 Qe7 8.
Qe2 Nh5 9. Rh2 exf4 10. Nc3 c6 11. Na4 Ng3 12. Qd1 Nxe4 13. Qe2 Bf2+ 14. Kd1
Be3 15. Bxe4 Qxe4 16. Nc3 Qe7 17. Bxe3 fxe3 18. Ke1 O-O 19. a3 a5 20. g4 b5 21.
Nd4 Qd6 22. Nf5 Qd2+ 23. Qxd2 exd2+ 24. Kxd2 Ne5 25. Rf1 Be6 26. Kc1 Ra7 27.
Ne4 Nc4 28. Nc5 a4 29. Re2 Bxf5 30. Rxf5 b4 31. axb4 a3 32. bxa3 Rxa3 33. Nb3
Rfa8 34. Kb1 Rd8 35. Kc1 f6 36. g5 Kf7 1/2-1/2

[Event "Politiken Cup 2011"]
[Site "Helsingor"]
[Date "2011.07.31"]
[Round "2.75"]
[White "Rasmussen, Morten"]
[Black "Jacobsen, Per"]
[Result "1/2-1/2"]
[WhiteElo "1931"]
[BlackElo "1670"]
[PlyCount "70"]
[EventDate "2011.??.??"]
[WhiteTeam "Skanderborg"]
[BlackTeam "Ålborg"]

1. d4 Nf6 2. Nf3 g6 3. Bf4 Bg7 4. Nbd2 O-O 5. e4 d6 6. c3 Nbd7 7. Bc4 c6 8. Ng5
d5 9. Bd3 h6 10. Ngf3 Nh5 11. Be3 dxe4 12. Nxe4 Qc7 13. g3 Nb6 14. Qd2 Kh7 15.
Qc2 Nd5 16. Bd2 b6 17. O-O Kg8 18. Rfe1 f5 19. Bc4 fxe4 20. Qxe4 Bf5 21. Bxd5+
cxd5 22. Qxd5+ e6 23. Qb3 Kh7 24. Ne5 Bxe5 25. Rxe5 Qf7 26. f4 Bh3 27. Rae1 Qb7
28. d5 Rae8 29. Qc2 Bf5 30. Qb3 Nf6 31. dxe6 Qe7 32. c4 Bg4 33. Bb4 Qg7 34.
Bxf8 Qxf8 35. Qc2 Qe7 1/2-1/2

[Event "Politiken Cup 2011"]
[Site "Helsingor"]
[Date "2011.07.31"]
[Round "2.109"]
[White "Larsen, Henrik Falk"]
[Black "Raab, Hendrik"]
[Result "0-1"]
[WhiteElo "1619"]
[BlackElo "1927"]
[PlyCount "68"]
[EventDate "2011.??.??"]
[WhiteTeam "Enkeltmedlem"]
[BlackTeam "Sabt Frankfurter SV 1860"]

1. d4 d5 2. e3 Nf6 3. c4 e6 4. a3 c6 5. Nc3 Bd6 6. c5 Bc7 7. Nf3 Nbd7 8. b4 a6
9. Be2 e5 10. dxe5 Nxe5 11. Nxe5 Bxe5 12. Bb2 O-O 13. Na4 Bxb2 14. Nxb2 Ne4 15.
O-O Qg5 16. g3 Bh3 17. Re1 Nxf2 18. Kxf2 Qf6+ 19. Kg1 Qxb2 20. Bf1 Bxf1 21.
Rxf1 Rae8 22. Qd4 Qxd4 23. exd4 Re4 24. Rf4 Rxf4 25. gxf4 Re8 26. Kf2 Re4 27.
Re1 Rxe1 28. Kxe1 g6 29. Kf2 Kg7 30. Kf3 Kf6 31. h3 Kf5 32. Ke3 f6 33. Kf3 g5
34. fxg5 fxg5 0-1

[Event "Politiken Cup 2011"]
[Site "Helsingor"]
[Date "2011.07.31"]
[Round "2.110"]
[White "Nielsen, Jens Holm"]
[Black "Larsen, Poul M"]
[Result "1-0"]
[WhiteElo "1920"]
[BlackElo "1653"]
[PlyCount "119"]
[EventDate "2011.??.??"]
[WhiteTeam "Amager"]
[BlackTeam "Haslev"]

1. Nc3 c6 2. f4 d5 3. e4 d4 4. Nce2 e5 5. d3 Bg4 6. g3 exf4 7. Bxf4 Bd6 8. Qd2
c5 9. h3 Be6 10. Bg2 Nc6 11. Nf3 Qc7 12. Bxd6 Qxd6 13. Qf4 Qd7 14. Ne5 Qe7 15.
Nxc6 bxc6 16. O-O Nf6 17. Qg5 O-O 18. Rxf6 Qxf6 19. Qxc5 Rfd8 20. Rf1 Qh6 21.
Nf4 Bd7 22. Kh2 Be8 23. g4 Qd6 24. Qxd6 Rxd6 25. b3 f6 26. Ne2 Rdd8 27. Rf5
Rab8 28. Ra5 Rb7 29. Ra4 c5 30. Ra5 Rc7 31. Nf4 Bf7 32. Ra6 Kf8 33. Kg3 Ke7 34.
h4 Rd6 35. Ra5 g5 36. Nh3 gxh4+ 37. Kxh4 h6 38. Nf4 Rd8 39. Ra6 Rg8 40. Nd5+
Bxd5 41. exd5 Kf7 42. d6 Rd7 43. Bd5+ Kg7 44. Bxg8 Kxg8 45. Rc6 Kf7 46. Kh5 Ke6
47. Rxc5 Rxd6 48. Kg6 Kd7 49. Rf5 Ke7 50. Ra5 a6 51. Kf5 Rc6 52. Ke4 Rxc2 53.
Rxa6 Re2+ 54. Kxd4 Rg2 55. Kd5 Rxg4 56. Ra7+ Ke8 57. Ke6 Rd4 58. Ra8+ Rd8 59.
Rxd8+ Kxd8 60. Kxf6 1-0

[Event "Politiken Cup 2011"]
[Site "Helsingor"]
[Date "2011.07.31"]
[Round "2.111"]
[White "Marshall, Michael"]
[Black "Nielsen, Bjørn"]
[Result "1-0"]
[WhiteElo "1918"]
[BlackElo "1619"]
[PlyCount "81"]
[EventDate "2011.??.??"]
[WhiteTeam "Odysseus"]
[BlackTeam "KS"]

1. d4 Nf6 2. Nf3 e6 3. e3 d5 4. Bd3 Nc6 5. O-O Bd6 6. c4 dxc4 7. Bxc4 O-O 8.
Nc3 a6 9. Qe2 g6 10. Rd1 b5 11. Bd3 Nh5 12. b3 b4 13. Na4 Bb7 14. Bb2 Ne7 15.
Rac1 Ng7 16. Nc5 Bxc5 17. Rxc5 a5 18. Rdc1 c6 19. Ne5 Rc8 20. Nc4 Ra8 21. Ne5
Rc8 22. Ba6 Qc7 23. Bxb7 Qxb7 24. Qc4 Ngf5 25. Nxc6 Nxc6 26. Rxc6 Nh4 27. d5
exd5 28. Qd4 Nf3+ 29. gxf3 f6 30. Qxd5+ Kg7 31. Qc5 Rxc6 32. Qxc6 Qxc6 33. Rxc6
Kf7 34. Rxf6+ Ke7 35. Rxf8 Kxf8 36. Bd4 a4 37. bxa4 Ke7 38. Bc5+ Kd7 39. Bxb4
Kc7 40. e4 Kb6 41. e5 1-0

[Event "Politiken Cup 2011"]
[Site "Helsingor"]
[Date "2011.07.31"]
[Round "2.112"]
[White "Jensen, Jonbert M S"]
[Black "Tandrup, Michael"]
[Result "0-1"]
[WhiteElo "1595"]
[BlackElo "1917"]
[PlyCount "92"]
[EventDate "2011.??.??"]
[WhiteTeam "AS04"]
[BlackTeam "Herlev"]

1. e4 d5 2. exd5 Qxd5 3. Nc3 Qa5 4. Nf3 Nf6 5. Bc4 Bg4 6. O-O e6 7. d4 c6 8.
Qd3 Nbd7 9. Bf4 Be7 10. a3 Qd8 11. Ne5 Nxe5 12. Bxe5 Bf5 13. Qd1 O-O 14. Bd3
Bxd3 15. Qxd3 Nd7 16. f4 f6 17. Qc4 fxe5 18. Qxe6+ Kh8 19. fxe5 Rxf1+ 20. Rxf1
Nf8 21. Qc4 Ng6 22. Ne2 Qd5 23. Qxd5 cxd5 24. Nc3 Rd8 25. Nb5 a6 26. Nc7 Rd7
27. Ne6 Kg8 28. c3 b5 29. g3 Nf8 30. Nf4 Bg5 31. h4 Bxf4 32. Rxf4 Rf7 33. Kf2
Ne6 34. Rxf7 Kxf7 35. Ke3 a5 36. b3 Nc7 37. g4 Ke6 38. Kd3 Kd7 39. c4 bxc4+ 40.
bxc4 dxc4+ 41. Kxc4 Kc6 42. a4 Nd5 43. Kd3 Nb6 44. Ke4 Nxa4 45. d5+ Kd7 46. Kd4
Nb6 0-1

[Event "Politiken Cup 2011"]
[Site "Helsingor"]
[Date "2011.07.31"]
[Round "2.113"]
[White "Pedersen, Lars Foldager"]
[Black "Wadtland, Flemming"]
[Result "1-0"]
[WhiteElo "1916"]
[BlackElo "1605"]
[PlyCount "79"]
[EventDate "2011.??.??"]
[WhiteTeam "Frederiksberg"]
[BlackTeam "Taastrup"]

1. Nf3 c5 2. e4 Nc6 3. d4 cxd4 4. Nxd4 e5 5. Nb5 d6 6. N1c3 a6 7. Na3 Nge7 8.
Bg5 Be6 9. Be2 f6 10. Be3 Nc8 11. Qd2 Be7 12. g4 Qa5 13. Nc4 Qd8 14. a4 N8a7
15. Nb6 Rb8 16. Ncd5 O-O 17. O-O-O Nc8 18. h4 Rf7 19. Rdg1 g5 20. hxg5 fxg5 21.
Rh6 Rg7 22. Rxe6 Nxb6 23. Bxb6 Qf8 24. Bc4 Kh8 25. Ne3 Nd4 26. Bxd4 exd4 27.
Nf5 Rf7 28. Qxd4+ Bf6 29. Qxd6 Rd8 30. Qxf8+ Rfxf8 31. Rh1 Rd7 32. Bd5 Bd8 33.
Rh2 Bc7 34. Rhh6 Rfd8 35. Rh5 Rf8 36. Kd1 Bf4 37. Ke2 Rc7 38. c3 Rd8 39. b4 b6
40. Rxb6 1-0

[Event "Politiken Cup 2011"]
[Site "Helsingor"]
[Date "2011.07.31"]
[Round "2.124"]
[White "Bremer, Erik"]
[Black "Hansen, Verner"]
[Result "0-1"]
[WhiteElo "1578"]
[BlackElo "1915"]
[PlyCount "94"]
[EventDate "2011.??.??"]
[WhiteTeam "Blindes Skakklub"]
[BlackTeam "Espergærde"]

1. f4 Nf6 2. Nf3 g6 3. b3 Bg7 4. Bb2 d5 5. e3 O-O 6. Be2 c5 7. O-O Nc6 8. Ne5
Qc7 9. d3 Nd7 10. d4 b6 11. Nd2 Bb7 12. Ndf3 Rac8 13. c4 e6 14. a3 Rfd8 15. Qe1
f6 16. Nd3 Na5 17. Nd2 cxd4 18. Bxd4 dxc4 19. Rc1 Qd6 20. Nxc4 Nxc4 21. bxc4 e5
22. Bb2 Nc5 23. Nxc5 Qxc5 24. Qc3 Rd7 25. Bg4 f5 26. Be2 Qc6 27. e4 Qc5+ 28.
Kh1 exf4 29. Qb3 Bxb2 30. Qxb2 Bxe4 31. Rxf4 Rcd8 32. Qb3 Rd2 33. Bf3 R2d3 34.
Rc3 Rxc3 35. Qxc3 Rd3 36. Qe1 Qe3 37. Qxe3 Rxe3 38. Kg1 g5 39. Bxe4 gxf4 40.
Bxf5 Rxa3 41. Kf2 Kg7 42. Be6 Kf6 43. Bd5 Ke5 44. g4 fxg3+ 45. hxg3 Kd4 46. Kg2
h6 47. Kh3 b5 0-1

[Event "Politiken Cup 2011"]
[Site "Helsingor"]
[Date "2011.07.31"]
[Round "2.155"]
[White "Andersen, Guttorm"]
[Black "Simonsen, Per"]
[Result "1-0"]
[WhiteElo "1768"]
[BlackElo "1912"]
[PlyCount "51"]
[EventDate "2011.??.??"]
[WhiteTeam "SK Stjernen"]

1. d4 d5 2. c4 c6 3. Nf3 Nf6 4. Nc3 e6 5. Bg5 Be7 6. e3 O-O 7. Qc2 Nbd7 8. Rd1
h6 9. h4 Re8 10. Be2 hxg5 11. hxg5 Ne4 12. Nxe4 dxe4 13. Qxe4 Bb4+ 14. Kf1 Nf8
15. Qh4 Ng6 16. Qh7+ Kf8 17. Bd3 Ne7 18. Qh8+ Ng8 19. Bh7 Ke7 20. Qxg7 Bd6 21.
g6 Kd7 22. gxf7 Ne7 23. fxe8=Q+ Qxe8 24. c5 Bb8 25. Ne5+ Kc7 26. Bg6 1-0

[Event "Politiken Cup 2011"]
[Site "Helsingor"]
[Date "2011.07.31"]
[Round "2.114"]
[White "Maagaard, David Bille"]
[Black "Haukenes, Alise"]
[Result "1-0"]
[WhiteElo "1906"]
[BlackElo "1595"]
[PlyCount "49"]
[EventDate "2011.??.??"]
[WhiteTeam "Randers"]
[BlackTeam "Hamar"]

1. d4 Nf6 2. c4 e6 3. Nc3 Be7 4. e4 d6 5. Bd3 Nbd7 6. Nge2 O-O 7. O-O b6 8. Bg5
Bb7 9. Rc1 c5 10. Bb1 Rc8 11. Qd3 cxd4 12. Bxf6 Nxf6 13. Nxd4 e5 14. Nf5 Qd7
15. f3 a6 16. b3 Rc6 17. Rcd1 Rd8 18. Nd5 Nxd5 19. exd5 Rc7 20. Nxe7+ Kf8 21.
Nf5 g6 22. Nh6 f5 23. Qe3 Kg7 24. Qg5 Qe7 25. Nxf5+ 1-0

[Event "Politiken Cup 2011"]
[Site "Helsingor"]
[Date "2011.07.31"]
[Round "2.115"]
[White "Kristensen, Lars Østergaard"]
[Black "Fjellengen, Bard"]
[Result "0-1"]
[WhiteElo "1544"]
[BlackElo "1905"]
[PlyCount "62"]
[EventDate "2011.??.??"]
[WhiteTeam "Lyngby.Virum"]
[BlackTeam "Sarpsborg Sjakklubb"]

1. e4 c5 2. Nf3 e6 3. Nc3 Nc6 4. g3 d5 5. exd5 exd5 6. d3 Nf6 7. Bg2 Be7 8. O-O
O-O 9. Re1 d4 10. Ne2 Nd5 11. Nf4 Nxf4 12. Bxf4 Nb4 13. Qd2 Nd5 14. Bg5 f6 15.
Bf4 g5 16. Nxg5 Nxf4 17. gxf4 fxg5 18. Qe2 Bd6 19. Qh5 Bxf4 20. Be4 Qd7 21. Kh1
Qf7 22. Qf3 Kh8 23. Rg1 Be6 24. Rae1 Rad8 25. Bxb7 Rb8 26. Be4 Rxb2 27. h4 g4
28. Rxg4 Bxg4 29. Qxg4 Rg8 30. Qf3 Qf6 31. Bd5 Qxh4+ 0-1